Importancia del departamento de psicología en el apoyo de la educación sexual den los estudiantes del segundo ciclo del nivel secundario del Liceo Manuel de Jesús Galván del municipio de Neyba mayo-agosto 2023 (Registro nro. 8939)
[ vista simple ]
| 000 -LEADER | |
|---|---|
| campo de control de longitud fija | 01030nam a22001817a 4500 |
| 001 - NÚMERO DE CONTROL | |
| campo de control | 35945 |
| 005 - FECHA Y HORA DE LA ÚLTIMA TRANSACCIÓN | |
| campo de control | 20250522045828.0 |
| 008 - DATOS DE LONGITUD FIJA--INFORMACIÓN GENERAL | |
| campo de control de longitud fija | 5232272023 dr |
| 090 ## - LOCALMENTE ASIGNADO TIPO-LC NÚMERO DE CLASIFICACIÓN (OCLC); NÚMERO DE CLASIFICACIÓN LOCAL (RLIN) | |
| Número de clasificación (OCLC) (R) ; Numero de clasificación, CALL (RLIN) (NR) | PSI |
| Número cutter local (OCLC) ; Número de libro/Signatura topográfica íntegra, CALL (RLIN) | 2023-031 |
| 100 1# - ENTRADA PRINCIPAL--NOMBRE DE PERSONA | |
| Nombre de persona | Féliz Gusmán, Dorisa |
| Término indicativo de función/relación | [autor] |
| 245 10 - MENCIÓN DEL TÍTULO | |
| Título | Importancia del departamento de psicología en el apoyo de la educación sexual den los estudiantes del segundo ciclo del nivel secundario del Liceo Manuel de Jesús Galván del municipio de Neyba mayo-agosto 2023 |
| Mención de responsabilidad, etc. | Dorisa féliz Gusmán, Laura Massiel Féliz, Sabrina Scarlet Mella Recio ; Miriam González Féliz, asesor. |
| 260 ## - PUBLICACIÓN, DISTRIBUCIÓN, ETC. | |
| Lugar de publicación, distribución, etc. | Barahona, República Dominicana : |
| Nombre del editor, distribuidor, etc. | Universidad Católica Tecnológica de Barahona, (UCATEBA) |
| Fecha de publicación, distribución, etc. | 2023 |
| 300 ## - DESCRIPCIÓN FÍSICA | |
| Extensión | xiii, 87,[42]hojas ; |
| Dimensiones | 28cm |
| 502 ## - NOTA DE TESIS | |
| Nota de tesis | Tesis de Grado |
| Tipo de título | (Licenciatura en Psicología General) |
| Nombre de la institución que otorga el título | UCATEBA -- Escuela de Psicología |
| Año de obtención del título | año 2023 |
| 650 #4 - PUNTO DE ACCESO ADICIONAL DE MATERIA--TÉRMINO DE MATERIA | |
| Término de materia o nombre geográfico como elemento de entrada | Educación Sexual - |
| Subdivisión general | Psicología |
| 700 1# - ENTRADA AGREGADA--NOMBRE PERSONAL | |
| Nombre de persona | Féliz, Laura Massiel |
| -- | Mella Recio, Sabrina Scarlet |
| -- | González Féliz, Miriam |
| 700 1# - ENTRADA AGREGADA--NOMBRE PERSONAL | |
| Término indicativo de función/relación | [autor] |
| -- | [autor] |
| -- | [asesor] |
| Estatus retirado | Estado de pérdida | Estado de daño | No para préstamo | Colección | Biblioteca de origen | Biblioteca actual | Fecha de adquisición | Total de préstamos | Signatura topográfica completa | Código de barras | Visto por última vez | Fecha del último préstamo | Copia número | Precio de reemplazo | Tipo de ítem Koha |
|---|---|---|---|---|---|---|---|---|---|---|---|---|---|---|---|
| Acervo general de Libros | Biblioteca Central Mons. Favio M. Rivas S. | Biblioteca Central Mons. Favio M. Rivas S. | 29/02/2024 | 1 | PSI 2023-031 | 000000011952 | 10/04/2026 | 10/04/2026 | 1 | 23/05/2025 | Tesis |
